000
00292nam a22001337a 4500
008
170929b xxu||||| |||| 00| 0 eng d
020
_a
9780312463731
041
_a
eng
080
_2
7TH
_a
37
100
_a
47
101
_a
EDU
245
_a
THE BEDFORD HANDBOOK
_c
HACKER,D
942
_2
udc
_c
BK
999
_c
30622
_d
30622